000 00262nam a22001217a 4500
008 181126b xxu||||| |||| 00| 0 eng d
041 _aeng
080 _a615
100 _a5
101 _aFAR
245 _aPhysicians Desk Reference
_cPeter.p
942 _2udc
_cBK
999 _c52476
_d52476